Top 10 piores colocados da Copa do Mundo da FIFA - Statistics

Estatísticas Gerais
  • Esse quiz foi jogado 74 vezes
  • A pontuação média é 195 de 220
Estatísticas das Respostas
Posição Seleção % Correto
1938 10 Alemanha
100%
1962 7 Alemanha Ocidental
100%
1998 31 Japão
100%
2006 28 Japão
100%
2014 29 Japão
100%
1930 12 Bolívia
98%
1950 13 Bolívia
98%
1994 21 Bolívia
98%
1930 13 México
98%
1950 12 México
98%
1954 13 México
98%
1958 16 México
98%
1962 11 México
98%
1966 12 México
98%
1978 16 México
98%
1974 14 Austrália
97%
2014 30 Austrália
97%
2018 30 Austrália
97%
1930 6 Brasil
97%
1934 14 Brasil
97%
1966 11 Brasil
97%
2002 24 Equador
97%
1950 7 Itália
97%
1954 11 Itália
97%
1962 9 Itália
97%
1966 9 Itália
97%
1974 10 Itália
97%
2010 26 Itália
97%
1982 23 Nova Zelândia
97%
1962 13 Uruguai
97%
1966 7 Uruguai
97%
1974 13 Uruguai
97%
1986 16 Uruguai
97%
1990 16 Uruguai
97%
2002 26 Uruguai
97%
1998 24 África do Sul
95%
1998 28 Arábia Saudita
95%
2002 32 Arábia Saudita
95%
2006 29 Arábia Saudita
95%
2018 26 Arábia Saudita
95%
2022 25 Arábia Saudita
95%
1930 11 Bélgica
95%
1934 15 Bélgica
95%
1938 13 Bélgica
95%
1954 12 Bélgica
95%
1970 10 Bélgica
95%
2022 23 Bélgica
95%
1986 24 Canadá
95%
2022 31 Canadá
95%
2002 31 China
95%
1950 4 Espanha
95%
1962 12 Espanha
95%
1966 10 Espanha
95%
1978 10 Espanha
95%
2014 23 Espanha
95%
1934 16 Estados Unidos
95%
1950 10 Estados Unidos
95%
1990 23 Estados Unidos
95%
1998 32 Estados Unidos
95%
2006 26 Estados Unidos
95%
1930 7 França
95%
1934 9 França
95%
1938 8 França
95%
1954 9 França
95%
1966 14 França
95%
1978 12 França
95%
2002 28 França
95%
2010 29 França
95%
1934 8 Suécia
95%
1970 9 Suécia
95%
1978 13 Suécia
95%
1990 21 Suécia
95%
1934 9 Argentina
93%
1958 13 Argentina
93%
1962 10 Argentina
93%
1974 8 Argentina
93%
1930 5 Chile
93%
1950 9 Chile
93%
1966 13 Chile
93%
1974 11 Chile
93%
1982 22 Chile
93%
1954 16 Coreia do Sul
93%
1986 20 Coreia do Sul
93%
1990 22 Coreia do Sul
93%
1994 20 Coreia do Sul
93%
1998 30 Coreia do Sul
93%
2014 27 Coreia do Sul
93%
2002 23 Croácia
93%
1934 13 Egito
93%
1990 20 Egito
93%
2018 31 Egito
93%
1994 16 Irlanda
93%
1930 9 Paraguai
93%
1950 11 Paraguai
93%
1958 12 Paraguai
93%
1994 18 Rússia
93%
2014 24 Rússia
93%
1934 7 Suíça
93%
1950 6 Suíça
93%
1962 16 Suíça
93%
1966 16 Suíça
93%
1994 15 Suíça
93%
1962 14 Colômbia
92%
1994 19 Colômbia
92%
1966 8 Coreia do Norte
92%
2010 32 Coreia do Norte
92%
1930 10 Peru
92%
1970 7 Peru
92%
1978 8 Peru
92%
1982 20 Peru
92%
1986 17 Portugal
92%
1982 17 Camarões
90%
1994 22 Camarões
90%
1998 25 Camarões
90%
2010 31 Camarões
90%
2014 32 Camarões
90%
2010 24 Dinamarca
90%
2022 28 Dinamarca
90%
2014 25 Gana
90%
2022 24 Gana
90%
1934 9 Holanda
90%
1938 14 Holanda
90%
1990 15 Holanda
90%
1950 8 Inglaterra
90%
1954 7 Inglaterra
90%
1958 11 Inglaterra
90%
1962 8 Inglaterra
90%
1970 8 Inglaterra
90%
2014 26 Inglaterra
90%
1978 14 Irã
90%
2006 25 Irã
90%
2014 28 Irã
90%
2022 26 Irã
90%
2010 23 Sérvia
90%
2018 23 Sérvia
90%
2022 29 Sérvia
90%
2006 32 Sérvia e Montenegro
90%
2022 32 Catar
88%
1994 24 Grécia
88%
2010 25 Grécia
88%
2002 27 Nigéria
88%
2010 27 Nigéria
88%
1938 12 Noruega
88%
1994 17 Noruega
88%
1954 10 Turquia
88%
2006 31 Costa Rica
86%
2018 29 Costa Rica
86%
2022 27 Costa Rica
86%
1930 4 Iugoslávia
86%
1950 5 Iugoslávia
86%
1954 8 Iugoslávia
86%
1958 8 Iugoslávia
86%
1974 7 Iugoslávia
86%
1982 16 Iugoslávia
86%
1970 14 Marrocos
86%
1994 23 Marrocos
86%
2018 27 Marrocos
86%
1938 16 Áustria
85%
1958 15 Áustria
85%
1978 7 Áustria
85%
1990 18 Áustria
85%
1998 23 Áustria
85%
2022 30 País de Gales
85%
1978 9 Tunísia
85%
1998 26 Tunísia
85%
2002 29 Tunísia
85%
2006 24 Tunísia
85%
2018 24 Tunísia
85%
1990 17 União Soviética
85%
1986 22 Argélia
83%
2010 28 Argélia
83%
1962 15 Bulgária
83%
1966 15 Bulgária
83%
1970 13 Bulgária
83%
1974 12 Bulgária
83%
1986 15 Bulgária
83%
1998 29 Bulgária
83%
1958 10 Hungria
83%
1978 15 Hungria
83%
1986 18 Hungria
83%
2018 28 Islândia
83%
2018 32 Panamá
83%
1938 11 Polônia
83%
2002 25 Polônia
83%
2018 25 Polônia
83%
2002 30 Eslovênia
81%
1982 18 Honduras
81%
2010 30 Honduras
81%
2014 31 Honduras
81%
2006 23 Angola
80%
1954 15 Escócia
78%
1958 14 Escócia
78%
1974 9 Escócia
78%
1978 11 Escócia
78%
1982 15 Escócia
78%
1986 19 Escócia
78%
1990 19 Escócia
78%
1998 27 Escócia
78%
1938 7 Cuba
76%
1986 23 Iraque
76%
1958 7 Irlanda do Norte
75%
1986 21 Irlanda do Norte
75%
1970 12 Israel
75%
1930 8 Romênia
71%
1934 12 Romênia
71%
1938 9 Romênia
71%
1970 11 Romênia
71%
1954 14 Tchecoslováquia
69%
1958 9 Tchecoslováquia
69%
1970 15 Tchecoslováquia
69%
1982 19 Tchecoslováquia
69%
1974 15 Haiti
68%
1970 16 El Salvador
66%
1982 24 El Salvador
66%
1990 24 Emirados Árabes Unidos
66%
1938 15 Índias Orientais Neerlandesas (Indonésia)
63%
2006 30 Togo
59%
2006 27 Trinidad e Tobago
59%
1982 21 Kuwait
53%
1974 16 Zaire
53%
Nenhum quiz correspondente encontrado
Distribuição das Pontuações
Porcentagem de Pessoas com Cada Pontuação
Percentil de Números Respondidos
Sua Pontuação Histórica
Você não jogou esse quiz